000 00565nam a22001817a 4500
005 20241122124209.0
010 _aENG-142467
020 _c210.00
_a9788175054943
035 _aEN-125999
037 _bDBAD/PUB
082 _a2302
245 _aNaiskarmyasiddhi of Sri Suresvaracarya/
_cTranslated by S.S Raghavachar
250 _a1
260 _aUttarakhand
_bSwami Shuddhidananda
_c2019
270 _bUttarakhand
_mmail@advaitaashrama.org
_aAdhyaksha, Advaita Ashrama, Mayavati
300 _a288p.
_c22cm(pbk)
942 _2ddc
_cEN
_h2302
_mNAI
999 _c206787
_d206787